[Event "POL-chT3 Dolnoslaskie 1516"]
[Site "Poland"]
[Date "2015.11.22"]
[Round "3.19"]
[White "Majewski, Piotr"]
[Black "Zielinski, Zbigniew"]
[Result "1/2-1/2"]
[WhiteElo "1599"]
[BlackElo "1842"]
[PlyCount "77"]
[EventDate "2015.10.18"]
[EventType "team-tourn"]
[EventRounds "11"]
[EventCountry "POL"]
[SourceTitle "EXT 2018"]
[Source "ChessBase"]
[SourceDate "2017.10.13"]
[SourceVersion "1"]
[SourceVersionDate "2017.10.13"]
[SourceQuality "1"]

1. d4 d5 2. Nf3 Nf6 3. Bf4 Bf5 4. e3 e6 5. Nbd2 Bd6 6. Ne5 Qe7 7. Be2 0-0 8. h4 h6 9. g4 Bh7 10. g5 Ne4 11. gxh6 f6 12. hxg7 Qxg7 13. Nd3 Kh8 14. Nf3 Rg8 15. c3 Nd7 16. Qb3 Nb6 17. 0-0-0 Qe7 18. h5 Qd7 19. Nh4 Bxf4 20. Ng6+ Kg7 21. Ngxf4 Bf5 22. Rdg1+ Kh7 23. Ng6 Nc4 24. f3 Ned2 25. Qb4 a5 26. Qe7+ Qxe7 27. Nxe7 Rxg1+ 28. Rxg1 Nxf3 29. Rf1 Nh4 30. Nf4 Nxe3 31. Rg1 Re8 32. Neg6 Nxg6 33. hxg6+ Kh6 34. Kd2 Nc4+ 35. Bxc4 dxc4 36. Ke3 e5 37. Rh1+ Kg5 38. Rg1+ Kh6 39. Rh1+ 1/2-1/2

[Event "POL-chT3 Dolnoslaskie 1314"]
[Site "Poland"]
[Date "2014.01.05"]
[Round "6.29"]
[White "Nowak, Kamil"]
[Black "Zielinski, Zbigniew"]
[Result "0-1"]
[WhiteElo "1801"]
[BlackElo "1843"]
[PlyCount "56"]
[EventDate "2013.10.20"]
[EventType "team-tourn"]
[EventRounds "11"]
[EventCountry "POL"]
[SourceTitle "EXT 2018"]
[Source "ChessBase"]
[SourceDate "2017.10.13"]
[SourceVersion "1"]
[SourceVersionDate "2017.10.13"]
[SourceQuality "1"]
[WhiteTeam "Wolow WKSz"]
[BlackTeam "Zarow Goniec"]
[WhiteTeamCountry "POL"]
[BlackTeamCountry "POL"]

1. e4 c5 2. Nf3 e6 3. d4 cxd4 4. Nxd4 Nc6 5. Nc3 d6 6. Be2 Nf6 7. 0-0 d5 8. Bg5 Be7 9. Nxc6 bxc6 10. e5 Nd7 11. Bxe7 Qxe7 12. f4 0-0 13. Bd3 g6 14. Qe2 c5 15. b3 Bb7 16. Nb1 Rfc8 17. c4 d4 18. Nd2 a5 19. a4 Rab8 20. Rad1 Bc6 21. g4 Re8 22. h3 Rb6 23. Kh2 Kh8 24. Bc2 f6 25. exf6 Qxf6 26. f5 gxf5 27. Rxf5 Qe7 28. Qf2 Qd6+ 0-1

[Event "POL-chT3 Dolnoslaskie 1314"]
[Site "Poland"]
[Date "2013.12.15"]
[Round "5.4"]
[White "Szydelko, Marcin"]
[Black "Zielinski, Zbigniew"]
[Result "1-0"]
[WhiteElo "1880"]
[BlackElo "1843"]
[PlyCount "53"]
[EventDate "2013.10.20"]
[EventType "team-tourn"]
[EventRounds "11"]
[EventCountry "POL"]
[SourceTitle "EXT 2018"]
[Source "ChessBase"]
[SourceDate "2017.10.13"]
[SourceVersion "1"]
[SourceVersionDate "2017.10.13"]
[SourceQuality "1"]
[WhiteTeam "Radkow Giecek"]
[BlackTeam "Zarow Goniec"]
[WhiteTeamCountry "POL"]
[BlackTeamCountry "POL"]

1. e4 c5 2. Nc3 Nc6 3. g3 d6 4. Bg2 Nf6 5. Nge2 a6 6. d4 cxd4 7. Nxd4 Bd7 8. 0-0 g6 9. h3 Bg7 10. Be3 0-0 11. Nxc6 Bxc6 12. a4 Re8 13. Qd2 Rc8 14. a5 Nd7 15. f4 Qc7 16. f5 Ne5 17. Qf2 Rf8 18. Bd4 Qd7 19. g4 Bb5 20. Rfd1 Bc6 21. g5 f6 22. gxf6 exf6 23. Qg3 Kf7 24. fxg6+ hxg6 25. Ne2 Rh8 26. Nf4 g5 27. Qb3+ 1-0

[Event "POL-chT3 Dolnoslaskie 1314"]
[Site "Poland"]
[Date "2013.10.20"]
[Round "1.14"]
[White "Lambucki, Lukasz"]
[Black "Zielinski, Zbigniew"]
[Result "1/2-1/2"]
[WhiteElo "1829"]
[BlackElo "1843"]
[PlyCount "125"]
[EventDate "2013.10.20"]
[EventType "team-tourn"]
[EventRounds "11"]
[EventCountry "POL"]
[SourceTitle "EXT 2018"]
[Source "ChessBase"]
[SourceDate "2017.10.13"]
[SourceVersion "1"]
[SourceVersionDate "2017.10.13"]
[SourceQuality "1"]
[WhiteTeam "Olesnica Pogon"]
[BlackTeam "Zarow Goniec"]
[WhiteTeamCountry "POL"]
[BlackTeamCountry "POL"]

1. d4 Nf6 2. c4 e6 3. Nf3 d5 4. Nc3 c6 5. Bg5 Be7 6. e3 Nbd7 7. Be2 0-0 8. 0-0 dxc4 9. Bxc4 Nd5 10. Bxe7 Qxe7 11. Rc1 Nxc3 12. Rxc3 b6 13. Bd3 Bb7 14. Be4 Nf6 15. Bxc6 Bxc6 16. Rxc6 Rac8 17. Qc2 Rxc6 18. Qxc6 Qb4 19. Qc2 Qa5 20. a3 Qa6 21. Rc1 Qb5 22. Ne5 h6 23. a4 Qd5 24. b4 a5 25. bxa5 bxa5 26. Qc5 Qa2 27. Qxa5 Ne4 28. Rf1 Nd2 29. Re1 Ne4 30. f3 Qf2+ 31. Kh1 Nf6 32. Qc3 Nd5 33. Qc1 Ra8 34. Nd3 Qa2 35. Qb2 Qc4 36. Nc5 Nxe3 37. Qb3 Qxb3 38. Nxb3 Nc2 39. Rc1 Nb4 40. a5 Nd5 41. Ra1 Kf8 42. Nc5 Ke7 43. a6 Nc7 44. Kg1 Kd6 45. Kf2 e5 46. Nb7+ Kd5 47. dxe5 Kxe5 48. Ra5+ Ke6 49. Rc5 Nxa6 50. Rc6+ Ke7 51. Nc5 Nxc5 52. Rxc5 Ra7 53. h4 g6 54. g4 Kf6 55. h5 Ra6 56. Kg3 g5 57. Rf5+ Kg7 58. Kf2 Ra3 59. Ke2 Ra2+ 60. Kd3 Ra3+ 61. Kc4 Re3 62. Kd4 Re1 63. Kd3 1/2-1/2

[Event "Polanica Zdroj op-D 49th"]
[Site "Polanica Zdroj"]
[Date "2013.08.21"]
[Round "5"]
[White "Lipski, Lukasz"]
[Black "Zielinski, Zbigniew"]
[Result "0-1"]
[WhiteElo "1608"]
[BlackElo "1841"]
[PlyCount "84"]
[EventDate "2013.08.17"]
[EventType "swiss"]
[EventRounds "9"]
[EventCountry "POL"]
[SourceTitle "EXT 2014"]
[Source "ChessBase"]
[SourceDate "2013.11.20"]
[SourceVersion "1"]
[SourceVersionDate "2013.11.20"]
[SourceQuality "1"]

1. e4 c5 2. Nf3 g6 3. d4 Bg7 4. c3 cxd4 5. cxd4 d6 6. Nc3 Nf6 7. Bc4 0-0 8. 0-0 Nc6 9. Be3 Na5 10. Be2 Bd7 11. Qd2 Rc8 12. Bh6 Nc4 13. Bxc4 Rxc4 14. h3 Be6 15. Bxg7 Kxg7 16. Ng5 Qb6 17. Rad1 Rfc8 18. Kh1 h6 19. Nxe6+ fxe6 20. e5 dxe5 21. dxe5 Nh7 22. Qd7 R4c7 23. Qb5 Qc6 24. Qxc6 Rxc6 25. Rd7 R6c7 26. Rfd1 a6 27. Na4 Nf8 28. R7d2 Rc1 29. Nc3 Rxd1+ 30. Rxd1 g5 31. g3 Kg6 32. g4 Kf7 33. Kg2 Ke8 34. Kf3 Ng6 35. Ke4 Rc5 36. Kd4 Rc8 37. Ke4 b5 38. a3 Rc4+ 39. Rd4 Rc5 40. Kf3 Nxe5+ 41. Kg3 Nc4 42. Re4 Nxb2 0-1

[Event "Polanica Zdroj op-D 49th"]
[Site "Polanica Zdroj"]
[Date "2013.08.19"]
[Round "3"]
[White "Nowak, Mikolaj"]
[Black "Zielinski, Zbigniew"]
[Result "1/2-1/2"]
[WhiteElo "1626"]
[BlackElo "1841"]
[PlyCount "83"]
[EventDate "2013.08.17"]
[EventType "swiss"]
[EventRounds "9"]
[EventCountry "POL"]
[SourceTitle "EXT 2014"]
[Source "ChessBase"]
[SourceDate "2013.11.20"]
[SourceVersion "1"]
[SourceVersionDate "2013.11.20"]
[SourceQuality "1"]

1. e4 c5 2. Nf3 g6 3. d4 Bg7 4. c4 cxd4 5. Nxd4 Nf6 6. Nc3 d6 7. Be2 0-0 8. 0-0 Bd7 9. Be3 Nc6 10. Qd2 Rc8 11. Rae1 a6 12. Nxc6 Bxc6 13. Bd4 e5 14. Be3 Nxe4 15. Nxe4 Bxe4 16. Rd1 Bc6 17. Qxd6 Qa5 18. a3 Rfd8 19. Bd2 Qa4 20. Qb4 Qc2 21. Qc3 Qxc3 22. Bxc3 f5 23. b4 Ba4 24. Rde1 e4 25. Bxg7 Kxg7 26. Rc1 Rd2 27. Rfe1 Kf6 28. f3 Bc2 29. c5 Rcd8 30. Ra1 R8d4 31. c6 bxc6 32. Bxa6 exf3 33. gxf3 Bb3 34. b5 cxb5 35. Bxb5 Rh4 36. Re2 Rxe2 37. Bxe2 Ba4 38. Rb1 Rd4 39. Kf2 f4 40. Rb8 h5 41. Rb6+ Kf5 42. Rb7 1/2-1/2

[Event "Polanica Zdroj op-D 48th"]
[Site "Polanica Zdroj"]
[Date "2012.08.23"]
[Round "6"]
[White "Zielinski, Zbigniew"]
[Black "Budnik, Mateusz"]
[Result "1/2-1/2"]
[WhiteElo "1862"]
[BlackElo "1660"]
[PlyCount "37"]
[EventDate "2012.08.18"]
[EventType "swiss"]
[EventRounds "9"]
[EventCountry "POL"]
[SourceTitle "EXT 2014"]
[Source "ChessBase"]
[SourceDate "2013.11.20"]
[SourceVersion "1"]
[SourceVersionDate "2013.11.20"]
[SourceQuality "1"]

1. d4 Nf6 2. c4 c5 3. e3 cxd4 4. exd4 d5 5. Nf3 Nc6 6. h3 g6 7. Nc3 Bg7 8. Be2 0-0 9. 0-0 h6 10. Be3 e6 11. Rc1 dxc4 12. Bxc4 Ne7 13. Bf4 Nfd5 14. Nxd5 Nxd5 15. Be5 a6 16. Qe2 b5 17. Bxd5 Qxd5 18. Bxg7 Kxg7 19. Qe5+ 1/2-1/2

[Event "Polanica Zdroj op-D 47th"]
[Site "Polanica Zdroj"]
[Date "2011.08.23"]
[Round "4"]
[White "Szydelko, Marcin"]
[Black "Zielinski, Zbigniew"]
[Result "1-0"]
[WhiteElo "1816"]
[BlackElo "1866"]
[PlyCount "69"]
[EventDate "2011.08.20"]
[EventType "swiss"]
[EventRounds "9"]
[EventCountry "POL"]
[SourceTitle "EXT 2014"]
[Source "ChessBase"]
[SourceDate "2013.11.20"]
[SourceVersion "1"]
[SourceVersionDate "2013.11.20"]
[SourceQuality "1"]

1. e4 c5 2. Nc3 g6 3. g3 Bg7 4. Bg2 Nc6 5. Nge2 d6 6. 0-0 Nf6 7. d4 Nxd4 8. Nxd4 cxd4 9. Qxd4 0-0 10. Qb4 a6 11. Rd1 Qc7 12. Be3 Be6 13. Bb6 Qc4 14. Qxc4 Bxc4 15. f4 Rac8 16. Bd4 Be6 17. e5 dxe5 18. Bxe5 b5 19. Bb7 Rc5 20. b4 Rxe5 21. fxe5 Ng4 22. Nd5 Bxe5 23. Nxe7+ Kg7 24. Rac1 Bxa2 25. Bxa6 Bb2 26. Bxb5 Ne3 27. Re1 Bxc1 28. Rxc1 Rd8 29. Bd3 Kf6 30. Nc6 Rd6 31. b5 Bc4 32. Rb1 Bxd3 33. cxd3 Nd5 34. b6 Nxb6 35. Rxb6 1-0

[Event "Polanica Zdroj op-D 47th"]
[Site "Polanica Zdroj"]
[Date "2011.08.22"]
[Round "3"]
[White "Zielinski, Zbigniew"]
[Black "Kustal, Emilia"]
[Result "1/2-1/2"]
[WhiteElo "1866"]
[BlackElo "1677"]
[PlyCount "60"]
[EventDate "2011.08.20"]
[EventType "swiss"]
[EventRounds "9"]
[EventCountry "POL"]
[SourceTitle "EXT 2014"]
[Source "ChessBase"]
[SourceDate "2013.11.20"]
[SourceVersion "1"]
[SourceVersionDate "2013.11.20"]
[SourceQuality "1"]

1. d4 Nf6 2. c4 e6 3. Nf3 Bb4+ 4. Bd2 Qe7 5. a3 Bxd2+ 6. Nbxd2 d6 7. e3 0-0 8. Bd3 e5 9. Qc2 a5 10. h3 Re8 11. dxe5 dxe5 12. Be2 Na6 13. 0-0 Bd7 14. Rfd1 Nc5 15. b3 g6 16. Nf1 Bf5 17. Qc3 Nfe4 18. Qb2 f6 19. N3d2 Nxd2 20. Rxd2 Red8 21. Rad1 Rd6 22. Rxd6 cxd6 23. Ng3 Be6 24. b4 axb4 25. axb4 Na6 26. Ne4 Rd8 27. c5 dxc5 28. Rxd8+ Qxd8 29. Bxa6 bxa6 30. Nxc5 Bc4 1/2-1/2

[Event "Polanica Zdroj op-D 47th"]
[Site "Polanica Zdroj"]
[Date "2011.08.21"]
[Round "2"]
[White "Oleksza, Radoslaw"]
[Black "Zielinski, Zbigniew"]
[Result "0-1"]
[WhiteElo "1640"]
[BlackElo "1866"]
[PlyCount "70"]
[EventDate "2011.08.20"]
[EventType "swiss"]
[EventRounds "9"]
[EventCountry "POL"]
[SourceTitle "EXT 2014"]
[Source "ChessBase"]
[SourceDate "2013.11.20"]
[SourceVersion "1"]
[SourceVersionDate "2013.11.20"]
[SourceQuality "1"]

1. e4 c5 2. Nf3 e6 3. d4 cxd4 4. Nxd4 Nc6 5. Be3 d6 6. Bc4 Nf6 7. Nc3 Be7 8. Qe2 0-0 9. f4 a6 10. 0-0 Qc7 11. a3 Bd7 12. Rad1 Nxd4 13. Bxd4 e5 14. fxe5 dxe5 15. Nd5 Nxd5 16. exd5 Bd6 17. Be3 f5 18. Ba2 Rae8 19. Qf2 Kh8 20. c4 Qc8 21. c5 Be7 22. b4 f4 23. Bc1 Bg5 24. Bc4 e4 25. Qc2 Bg4 26. Be2 Bxe2 27. Qxe2 f3 28. Qc2 Bxc1 29. Rxc1 Qg4 30. Rce1 e3 31. Kh1 e2 32. Rxf3 Rxf3 33. gxf3 Qxf3+ 34. Kg1 Re4 35. h3 Qg3+ 0-1

[Event "Polanica Zdroj op-D 47th"]
[Site "Polanica Zdroj"]
[Date "2011.08.20"]
[Round "1"]
[White "Zielinski, Zbigniew"]
[Black "Rabeda, Grzegorz"]
[Result "1-0"]
[WhiteElo "1866"]
[BlackElo "1478"]
[PlyCount "93"]
[EventDate "2011.08.20"]
[EventType "swiss"]
[EventRounds "9"]
[EventCountry "POL"]
[SourceTitle "EXT 2014"]
[Source "ChessBase"]
[SourceDate "2013.11.20"]
[SourceVersion "1"]
[SourceVersionDate "2013.11.20"]
[SourceQuality "1"]

1. d4 d5 2. c4 e6 3. Nc3 Nf6 4. Bg5 Nbd7 5. e3 c6 6. Nf3 Qa5 7. Qc2 Bb4 8. Bxf6 Nxf6 9. Nd2 Bd7 10. Bd3 0-0 11. 0-0 Rac8 12. c5 Bxc3 13. Nb3 Qc7 14. Qxc3 Rfe8 15. f4 Ng4 16. Be2 Nf6 17. Bf3 Re7 18. Nc1 Be8 19. Nd3 Nd7 20. Ne5 f6 21. Nxd7 Qxd7 22. b4 Bg6 23. a4 Rce8 24. Rfe1 e5 25. fxe5 fxe5 26. b5 exd4 27. exd4 Rxe1+ 28. Rxe1 Rxe1+ 29. Qxe1 Qe8 30. Qxe8+ Bxe8 31. a5 Bd7 32. Kf2 Kf7 33. b6 a6 34. Ke3 Kf6 35. Be2 Bc8 36. Bd3 h6 37. Kf4 g6 38. Bxg6 Kxg6 39. Ke5 Kg5 40. Kd6 Kf4 41. Kc7 Ke4 42. Kxc8 Kxd4 43. Kxb7 Kc3 44. Kxc6 d4 45. b7 d3 46. b8Q d2 47. Qb1 1-0

[Event "Polanica Zdroj op-B 46th"]
[Site "Polanica Zdroj"]
[Date "2010.08.26"]
[Round "9"]
[White "Zielinski, Zbigniew"]
[Black "Palka, Dominika"]
[Result "1/2-1/2"]
[WhiteElo "1925"]
[BlackElo "1740"]
[PlyCount "33"]
[EventDate "2010.08.18"]
[EventType "swiss"]
[EventRounds "9"]
[EventCountry "POL"]
[SourceTitle "CBM 138 Extra"]
[Source "ChessBase"]
[SourceDate "2010.10.29"]
[SourceVersion "1"]
[SourceVersionDate "2010.10.29"]
[SourceQuality "1"]

1. d4 Nf6 2. c4 g6 3. Nc3 Bg7 4. Nf3 0-0 5. e4 d6 6. Be2 Nbd7 7. 0-0 c5 8. Qc2 cxd4 9. Nxd4 a5 10. Be3 Nc5 11. f3 Nfd7 12. Ndb5 Ne5 13. Rfd1 b6 14. h3 Nc6 15. a3 a4 16. Bxc5 bxc5 17. Nxa4 1/2-1/2

[Event "Polanica Zdroj op-B 46th"]
[Site "Polanica Zdroj"]
[Date "2010.08.24"]
[Round "7"]
[White "Zielinski, Zbigniew"]
[Black "Rykala, Monika"]
[Result "1/2-1/2"]
[WhiteElo "1925"]
[BlackElo "1747"]
[PlyCount "109"]
[EventDate "2010.08.18"]
[EventType "swiss"]
[EventRounds "9"]
[EventCountry "POL"]
[SourceTitle "CBM 138 Extra"]
[Source "ChessBase"]
[SourceDate "2010.10.29"]
[SourceVersion "1"]
[SourceVersionDate "2010.10.29"]
[SourceQuality "1"]

1. d4 f5 2. g3 Nf6 3. Bg2 e6 4. c4 Be7 5. Nf3 0-0 6. Nc3 d5 7. cxd5 exd5 8. 0-0 c6 9. Bg5 h6 10. Bf4 Ne4 11. Qd3 Re8 12. Rfe1 Nd7 13. Rad1 Bf6 14. Bc1 Nf8 15. e3 Qc7 16. Nd2 Nd6 17. Qc2 Qf7 18. f4 Ne4 19. Nf3 Nd7 20. Ne5 Nxe5 21. dxe5 Bd8 22. b3 Bb6 23. Bb2 g5 24. Nxe4 fxe4 25. Bd4 Bg4 26. Rd2 gxf4 27. exf4 Bf5 28. Qc3 Qe7 29. Rc1 Rec8 30. Bc5 Bxc5+ 31. Qxc5 Qxc5+ 32. Rxc5 Rd8 33. Rd4 Rac8 34. Bf1 b6 35. Rc1 c5 36. Rdd1 Kf7 37. h3 h5 38. Kf2 d4 39. Be2 e3+ 40. Kf3 Bxh3 41. Ke4 Kg6 42. g4 Bg2+ 43. Bf3 Bxf3+ 44. Kxf3 hxg4+ 45. Ke4 Rh8 46. Rg1 Rh4 47. f5+ Kg7 48. Rg3 Rg8 49. b4 Rh3 50. Rgg1 e2 51. bxc5 bxc5 52. Rxc5 Re3+ 53. Kxd4 e1Q 54. Rc7+ Kf8 55. Rc8+ 1/2-1/2

[Event "Polanica Zdroj op-B 46th"]
[Site "Polanica Zdroj"]
[Date "2010.08.19"]
[Round "2"]
[White "Cyboran, Katarzyna"]
[Black "Zielinski, Zbigniew"]
[Result "1/2-1/2"]
[WhiteElo "1777"]
[BlackElo "1925"]
[PlyCount "99"]
[EventDate "2010.08.18"]
[EventType "swiss"]
[EventRounds "9"]
[EventCountry "POL"]
[SourceTitle "CBM 138 Extra"]
[Source "ChessBase"]
[SourceDate "2010.10.29"]
[SourceVersion "1"]
[SourceVersionDate "2010.10.29"]
[SourceQuality "1"]

1. e4 c5 2. Nf3 Nc6 3. Bb5 a6 4. Bxc6 dxc6 5. d3 Bg4 6. Be3 e6 7. Nbd2 Nf6 8. 0-0 Be7 9. a4 Qc7 10. a5 0-0 11. h3 Bh5 12. Nc4 Rad8 13. Qe2 Nd7 14. Bd2 e5 15. Bc3 f6 16. Qe3 Rfe8 17. Nh4 Nf8 18. Nf5 Ne6 19. Qg3 Bg6 20. Nce3 Nf4 21. Rfe1 Bf8 22. Qf3 Qf7 23. h4 Qd7 24. g3 Ne6 25. h5 Bxf5 26. Nxf5 Ng5 27. Qg4 g6 28. hxg6 hxg6 29. f4 gxf5 30. exf5 Bh6 31. fxg5 Bxg5 32. Bxe5 Qg7 33. Bf4 Kf8 34. Rxe8+ Rxe8 35. Kf2 Qh7 36. Kg2 Bxf4 37. Qxf4 Re2+ 38. Kf3 Qh2 39. Qd6+ Kf7 40. Qd7+ Re7 41. Qd6 Qe2+ 42. Kf4 Qe3+ 43. Kg4 Qg5+ 44. Kf3 Qxf5+ 45. Qf4 Qh5+ 46. g4 Qh3+ 47. Kf2 Qh4+ 48. Kf3 Qh3+ 49. Kf2 Qh4+ 50. Kf3 1/2-1/2